[Event "XXXII Festival A"]
[Site "Arco ITA"]
[Date "2010.10.19"]
[Round "4"]
[White "Zucchelli, Massimo"]
[Black "Rizzo, Giuseppe"]
[Result "1-0"]
[WhiteElo "2160"]
[BlackElo "1659"]
[PlyCount "50"]
[EventDate "2010.10.16"]

1. d4 g6 2. c4 Bg7 3. Nc3 d6 4. e4 e6 5. Be2 Nd7 6. h4 h6 7. Be3 b6 8. Qd2 Bb7
9. O-O-O Ne7 10. g4 f5 11. f3 Nf6 12. d5 e5 13. Nh3 f4 14. Bg1 Bc8 15. Nf2 Bd7
16. Kb1 a6 17. Rc1 Qb8 18. Nd3 Kf7 19. Bf2 g5 20. h5 Rc8 21. Bd1 Ne8 22. Bb3
Bf6 23. c5 dxc5 24. d6+ Kf8 25. dxe7+ Kxe7 1-0

[Event "XXXII Festival A"]
[Site "Arco ITA"]
[Date "2010.10.20"]
[Round "5"]
[White "Aagaard, Jacob"]
[Black "Molina, Fabrizio"]
[Result "1/2-1/2"]
[WhiteElo "2534"]
[BlackElo "2222"]
[PlyCount "70"]
[EventDate "2010.10.16"]

1. e4 d6 2. g3 Nf6 3. Bg2 e5 4. Ne2 g6 5. c4 Nc6 6. Nbc3 Bg7 7. d3 O-O 8. O-O
Nh5 9. f4 f5 10. Be3 Nd4 11. Qd2 c6 12. Rae1 Kh8 13. Kh1 Qc7 14. fxe5 dxe5 15.
exf5 Bxf5 16. Ne4 Rad8 17. Nxd4 exd4 18. Bh6 Bxh6 19. Qxh6 Qg7 20. Qg5 Bxe4 21.
Rxf8+ Qxf8 22. Rxe4 Re8 23. Re5 Kg7 24. g4 h6 25. Rxe8 Qxe8 26. Qa5 Qe3 27.
Qc7+ Kh8 28. Qc8+ Kh7 29. Qxb7+ Ng7 30. Be4 Qe1+ 31. Kg2 Qe2+ 32. Kg3 Qe3+ 33.
Kg2 Qe2+ 34. Kg3 Qe3+ 35. Bf3 Qg1+ 1/2-1/2

[Event "XXXII Festival A"]
[Site "Arco ITA"]
[Date "2010.10.20"]
[Round "5"]
[White "Antoniacci, Riccardo"]
[Black "Weinberg, Emanuele"]
[Result "1-0"]
[WhiteElo "1923"]
[BlackElo "1815"]
[PlyCount "29"]
[EventDate "2010.10.16"]

1. e4 Nf6 2. e5 Nd5 3. Nc3 Nxc3 4. dxc3 d6 5. Bf4 Nc6 6. Bb5 Bd7 7. Qe2 a6 8.
Bc4 e6 9. Nf3 dxe5 10. Nxe5 Nxe5 11. Bxe5 Qg5 12. f4 Qh4+ 13. g3 Qd8 14. O-O-O
f6 15. Bxe6 1-0

[Event "XXXII Festival A"]
[Site "Arco ITA"]
[Date "2010.10.20"]
[Round "5"]
[White "Astengo, Corrado"]
[Black "Drasko, Milan"]
[Result "0-1"]
[WhiteElo "2150"]
[BlackElo "2486"]
[PlyCount "62"]
[EventDate "2010.10.16"]

1. e4 e6 2. d3 d5 3. Nd2 Nf6 4. Ngf3 Nc6 5. c3 Be7 6. Qc2 e5 7. Be2 O-O 8. O-O
Bg4 9. Re1 Re8 10. Nf1 d4 11. Ng3 g6 12. h3 Bxf3 13. Bxf3 Nd7 14. Bh6 Bg5 15.
Bxg5 Qxg5 16. Ne2 Rad8 17. Rad1 h5 18. b4 a6 19. a4 dxc3 20. Qxc3 Nb6 21. Ra1
Qe7 22. b5 Nb4 23. d4 exd4 24. Nxd4 Qe5 25. Qxb4 Rxd4 26. Qb3 a5 27. Bd1 Red8
28. Bc2 Qc5 29. Re3 Rb4 30. Rc3 Qe5 31. Qa3 Nc4 0-1

[Event "XXXII Festival A"]
[Site "Arco ITA"]
[Date "2010.10.20"]
[Round "5"]
[White "Astengo, Marcello"]
[Black "Karl, Hans"]
[Result "1/2-1/2"]
[WhiteElo "2064"]
[BlackElo "2211"]
[PlyCount "30"]
[EventDate "2010.10.16"]

1. d4 d5 2. c4 e6 3. Nc3 Nf6 4. cxd5 exd5 5. Bg5 c6 6. e3 Nbd7 7. Bd3 Bd6 8.
Qc2 h6 9. Bh4 Nf8 10. Nf3 Be6 11. Ne5 g5 12. Bg3 Nh5 13. f4 Bxe5 14. dxe5 Nxg3
15. hxg3 Qb6 1/2-1/2

[Event "XXXII Festival A"]
[Site "Arco ITA"]
[Date "2010.10.20"]
[Round "5"]
[White "Baeta, Marcio Netto"]
[Black "Aigner, Georg"]
[Result "1-0"]
[WhiteElo "2221"]
[BlackElo "1986"]
[PlyCount "123"]
[EventDate "2010.10.16"]

1. e4 e5 2. Nf3 Nc6 3. Bc4 Be7 4. d4 exd4 5. Nxd4 Ne5 6. Be2 d5 7. f4 Ng6 8.
exd5 Qxd5 9. Bf3 Qd6 10. O-O Nf6 11. Nc3 O-O 12. Be3 c6 13. g3 Rd8 14. Qe2 Qb4
15. a3 Qa5 16. Rad1 Qc7 17. Rfe1 Bc5 18. Bf2 Re8 19. Qc4 Rxe1+ 20. Rxe1 Bd6 21.
Ne4 Nxe4 22. Rxe4 Bd7 23. Qe2 Kf8 24. c4 c5 25. Nb5 Bxb5 26. cxb5 Qd7 27. Qc4
Rc8 28. Re2 Ne7 29. Rd2 Qc7 30. Qe4 b6 31. Qxh7 Ng8 32. Qd3 Rd8 33. Bd5 Nf6 34.
Bc4 Be7 35. Qe2 Rxd2 36. Qxd2 Qc8 37. Be1 Qf5 38. Qd3 Qh3 39. Bc3 Ng4 40. Qd2
Nf6 41. Be5 Qc8 42. a4 Kg8 43. Qd3 Qb7 44. h3 Qc8 45. Kg2 Qb7+ 46. Qf3 Qc8 47.
g4 Qd8 48. g5 Nd7 49. Bc3 Qb8 50. g6 Nf6 51. Bxf7+ Kf8 52. Qc6 Nh5 53. Be5 Qd8
54. Bd5 Nf6 55. Bxf6 Bxf6 56. b3 Qe7 57. Be6 Qd8 58. Bd7 Qb8 59. Qe6 Qb7+ 60.
Kh2 Qc7 61. Kg2 Qb7+ 62. Kh2 1-0

[Event "XXXII Festival A"]
[Site "Arco ITA"]
[Date "2010.10.20"]
[Round "5"]
[White "Bonade', Massimo"]
[Black "De Santis, Alessio"]
[Result "1/2-1/2"]
[WhiteElo "2091"]
[BlackElo "2300"]
[PlyCount "99"]
[EventDate "2010.10.16"]

1. d4 Nf6 2. Nf3 g6 3. c4 c5 4. d5 b5 5. cxb5 a6 6. bxa6 Bxa6 7. Nc3 d6 8. e4
Bxf1 9. Kxf1 Bg7 10. g3 O-O 11. Kg2 Nbd7 12. Re1 Qc7 13. Qe2 Qb7 14. Kg1 Nb6
15. Bf4 Na4 16. Nxa4 Rxa4 17. Qc2 Rfa8 18. a3 Nd7 19. Rab1 Nb6 20. Nd2 Qa6 21.
Rec1 Bd4 22. Nf3 Bg7 23. Nd2 Qe2 24. Be3 Bd4 25. Re1 Qb5 26. Bxd4 Rxd4 27. Re3
Rb8 28. Nf3 Rc4 29. Qd2 Ra4 30. Ree1 Kg7 31. b3 Ra7 32. a4 Qa5 33. Qd3 f6 34.
h4 Nd7 35. Kg2 h5 36. Qe2 Rab7 37. Nd2 Ne5 38. f4 Ng4 39. Nc4 Qc7 40. Qd3 Rb4
41. Re2 R8b7 42. Ra2 Ra7 43. Na3 Qa5 44. Nc4 Qa6 45. Re2 Qb7 46. Rbb2 Qc7 47.
Qc3 Qb7 48. Qd3 Qc7 49. Qc3 Qd7 50. Qd3 1/2-1/2

[Event "XXXII Festival A"]
[Site "Arco ITA"]
[Date "2010.10.20"]
[Round "5"]
[White "Bonagura, Stefano"]
[Black "Billio, Atto"]
[Result "1-0"]
[WhiteElo "2130"]
[BlackElo "2138"]
[PlyCount "38"]
[EventDate "2010.10.16"]

1. c4 e5 2. g3 c6 3. Bg2 d5 4. cxd5 cxd5 5. d4 e4 6. Nc3 Nf6 7. Bg5 Bb4 8. Qb3
Bxc3+ 9. bxc3 Nbd7 10. f3 exf3 11. Nxf3 h6 12. Bxf6 Nxf6 13. Ne5 O-O 14. O-O b6
15. Rxf6 Qxf6 16. Rf1 Qe7 17. Rxf7 Rxf7 18. Bxd5 Qg5 19. Bxf7+ Kh8 1-0

[Event "XXXII Festival A"]
[Site "Arco ITA"]
[Date "2010.10.20"]
[Round "5"]
[White "Bondielli, Giorgio"]
[Black "Ager, Josef"]
[Result "0-1"]
[WhiteElo "1880"]
[BlackElo "2194"]
[PlyCount "61"]
[EventDate "2010.10.16"]

1. e4 d6 2. d4 Nf6 3. Bd3 e5 4. c3 c6 5. Nf3 Qc7 6. Bg5 Be7 7. Nbd2 Bg4 8. Qc2
Nbd7 9. Be2 a5 10. O-O O-O 11. Nc4 Rfe8 12. Ne3 Bh5 13. Nf5 Bf8 14. dxe5 dxe5
15. Ng3 Bg4 16. h3 Be6 17. b3 h6 18. Be3 Bc5 19. Bxc5 Nxc5 20. Rad1 Bd7 21. Nd2
b5 22. b4 Ne6 23. Nb3 c5 24. bxc5 a4 25. Nc1 Nxc5 26. f3 Rac8 27. Qb2 Ne6 28.
Nd3 Nf4 29. Rb1 Qxc3 30. Nxf4 exf4 31. Qxc3 0-1

[Event "XXXII Festival A"]
[Site "Arco ITA"]
[Date "2010.10.20"]
[Round "5"]
[White "Borries, Barbara"]
[Black "Wild, Helmut"]
[Result "0-1"]
[WhiteElo "1904"]
[BlackElo "1955"]
[PlyCount "108"]
[EventDate "2010.10.16"]

1. e4 c6 2. d4 d5 3. e5 Bf5 4. Bd3 Bxd3 5. Qxd3 e6 6. Nf3 Qa5+ 7. Nbd2 Qa6 8.
Qxa6 Nxa6 9. a3 c5 10. c3 Nh6 11. O-O Nf5 12. Nb3 Rc8 13. Re1 c4 14. Nbd2 b5
15. Nf1 h5 16. Ng3 g6 17. Nxf5 gxf5 18. Bg5 Be7 19. h4 Rg8 20. Kh2 Bf8 21. Kg3
Nb8 22. Kf4 a5 23. Nd2 Nd7 24. Re3 Be7 25. Rg3 Nf8 26. Nf3 Ng6+ 27. Ke3 Kd7 28.
Ke2 Rb8 29. Bxe7 Kxe7 30. Rg5 Rbc8 31. g3 Rh8 32. Ng1 b4 33. axb4 axb4 34. Ra7+
Kf8 35. Nh3 bxc3 36. bxc3 Rh6 37. Kd2 Re8 38. Kc2 Rh8 39. Nf4 Nxf4 40. gxf4 Rh6
41. Kd2 Rg6 42. Rxh5 Kg7 43. Rg5 Rh8 44. Ra1 Rxh4 45. Rxg6+ Kxg6 46. Ke3 Rh3+
47. f3 Rh2 48. Rg1+ Kh7 49. Rc1 Ra2 50. Rh1+ Kg8 51. Rc1 Kf8 52. Rb1 Rc2 53.
Rb7 Kg7 54. Ra7 Rxc3+ 0-1

[Event "XXXII Festival A"]
[Site "Arco ITA"]
[Date "2010.10.20"]
[Round "5"]
[White "Buck, Klaus-Michael"]
[Black "Bottesi, Gianluca"]
[Result "1-0"]
[WhiteElo "1818"]
[BlackElo "1704"]
[PlyCount "59"]
[EventDate "2010.10.16"]

1. d4 Nf6 2. Nf3 g6 3. c4 Bg7 4. Nc3 O-O 5. e3 d6 6. Be2 c5 7. O-O cxd4 8. exd4
b6 9. Be3 Bb7 10. Qb3 Ng4 11. h3 Nxe3 12. fxe3 Nd7 13. a4 Bh6 14. Nd1 Rb8 15.
Nh2 Nf6 16. Ng4 Bg7 17. Nxf6+ Bxf6 18. Bf3 e5 19. Bxb7 Rxb7 20. d5 Bg5 21. e4
Qc8 22. Qd3 f6 23. Nc3 Rbf7 24. Nb5 Qc5+ 25. Kh1 f5 26. exf5 gxf5 27. Rab1 a5
28. Qa3 Be3 29. Nxd6 Qxa3 30. bxa3 1-0

[Event "XXXII Festival A"]
[Site "Arco ITA"]
[Date "2010.10.20"]
[Round "5"]
[White "Caldara, Sisto"]
[Black "De Minico, Stefano"]
[Result "1-0"]
[WhiteElo "1813"]
[BlackElo "1921"]
[PlyCount "133"]
[EventDate "2010.10.16"]

1. d3 d5 2. f4 Nf6 3. Nf3 d4 4. g3 e6 5. Bg2 Bc5 6. a4 O-O 7. Na3 Nc6 8. Bd2
Nd5 9. Nc4 f6 10. c3 Re8 11. cxd4 Nxd4 12. Nxd4 Bxd4 13. e3 Bc5 14. d4 Bb4 15.
Bxb4 Nxb4 16. Qb3 Qe7 17. O-O Kh8 18. a5 Nd5 19. e4 Qb4 20. Qc2 Ne7 21. Rf3 Nc6
22. Rd3 Rd8 23. d5 Qc5+ 24. Ne3 Qxc2 25. Nxc2 e5 26. Rc3 Ne7 27. fxe5 fxe5 28.
Rxc7 Ng8 29. Ne3 Nf6 30. Rac1 b6 31. Nc4 Rd7 32. Nxe5 Rxc7 33. Rxc7 bxa5 34.
Nc4 Bd7 35. e5 Rc8 36. Rxc8+ Bxc8 37. exf6 gxf6 38. Nxa5 Kg8 39. Kf2 Kf7 40.
Ke3 Ke7 41. Nc6+ Kd6 42. Nxa7 Bd7 43. Nc6 Kc5 44. Be4 f5 45. Bf3 Kd6 46. Kf4 h6
47. Nd4 Ke7 48. Nxf5+ Kf6 49. Nxh6 Bb5 50. g4 Bd7 51. g5+ Kg6 52. h4 Be8 53. d6
Bd7 54. Bg4 Bc6 55. d7 Bxd7 56. Bxd7 Kg7 57. b4 Kf8 58. b5 Ke7 59. Bf5 Ke8 60.
g6 Kf8 61. b6 Kg7 62. Kg5 Kh8 63. Ng4 Kg7 64. b7 Kh8 65. b8=Q+ Kg7 66. Qc7+ Kg8
67. Nf6+ 1-0

[Event "XXXII Festival A"]
[Site "Arco ITA"]
[Date "2010.10.20"]
[Round "5"]
[White "Camerini, Lorenzo"]
[Black "Grinza, Andrea"]
[Result "1-0"]
[WhiteElo "2100"]
[BlackElo "2239"]
[PlyCount "75"]
[EventDate "2010.10.16"]

1. c4 e5 2. g3 Nc6 3. Bg2 Nf6 4. a3 Bc5 5. Nc3 a6 6. e3 O-O 7. Nge2 Re8 8. d3
Ba7 9. O-O d6 10. h3 Be6 11. Nd5 e4 12. dxe4 Ne5 13. b3 c6 14. Ndc3 g5 15. Nd4
g4 16. Nxe6 Rxe6 17. Ne2 gxh3 18. Bxh3 Nfg4 19. Nf4 Qg5 20. Nxe6 fxe6 21. Kg2
Rf8 22. f3 Nxe3+ 23. Bxe3 Bxe3 24. Bxe6+ Kh8 25. Bg4 h5 26. Bxh5 Kg7 27. Bg4
Nxg4 28. fxg4 Rxf1 29. Qxf1 Qxg4 30. Qf3 Qg5 31. Rf1 Kh7 32. Qf7+ Qg7 33. Rh1+
Bh6 34. Qxg7+ Kxg7 35. Kf3 Bg5 36. Kg4 Bf6 37. Kf5 Bb2 38. a4 1-0

[Event "XXXII Festival A"]
[Site "Arco ITA"]
[Date "2010.10.20"]
[Round "5"]
[White "Casagrande, Fabio"]
[Black "Kierzek, Matthias"]
[Result "0-1"]
[WhiteElo "2010"]
[BlackElo "2145"]
[PlyCount "58"]
[EventDate "2010.10.16"]

1. e4 c6 2. d4 d5 3. e5 Bf5 4. c4 e6 5. Nc3 Ne7 6. a3 Nd7 7. c5 Bg6 8. f4 Nf5
9. Nf3 Bh5 10. Be2 Be7 11. O-O Bxf3 12. Bxf3 Nxd4 13. b4 Nxf3+ 14. Rxf3 g6 15.
Ne2 O-O 16. Nd4 a5 17. Rb1 axb4 18. axb4 Qc7 19. Rh3 Ra2 20. Bb2 Rfa8 21. Qc1
Bf8 22. g4 Bg7 23. g5 R8a4 24. Qe1 b6 25. Qh4 Nf8 26. Qf2 Rxb4 27. Rc3 bxc5 28.
Rxc5 Qb7 29. Rc2 c5 0-1

[Event "XXXII Festival A"]
[Site "Arco ITA"]
[Date "2010.10.20"]
[Round "5"]
[White "Ciola, Alberto"]
[Black "Savarese, Vincenzo"]
[Result "1-0"]
[WhiteElo "1929"]
[BlackElo "1808"]
[PlyCount "56"]
[EventDate "2010.10.16"]

1. d4 d5 2. c4 e6 3. Nf3 Nf6 4. Nc3 c6 5. cxd5 exd5 6. Qc2 Bd6 7. e3 O-O 8. Bd3
Re8 9. Bd2 Nbd7 10. O-O-O c5 11. dxc5 Nxc5 12. Nb5 Nxd3+ 13. Qxd3 Bf8 14. Bc3
a6 15. Nbd4 Bg4 16. h3 Bh5 17. g4 Bg6 18. Nf5 Rc8 19. Kb1 Ne4 20. Be1 Qb6 21.
Rf1 Nc5 22. Qd4 Re4 23. Qxd5 Qb5 24. Bc3 Rc4 25. N3d4 Qa4 26. b3 Nxb3 27. axb3
Qa3 28. Bb2 Rc2 1-0

[Event "XXXII Festival A"]
[Site "Arco ITA"]
[Date "2010.10.20"]
[Round "5"]
[White "Dalponte, Dino"]
[Black "Naegele, Raimund"]
[Result "1-0"]
[WhiteElo "2141"]
[BlackElo "1817"]
[PlyCount "45"]
[EventDate "2010.10.16"]

1. d4 Nf6 2. Nf3 d5 3. c3 Bf5 4. Bg5 Nbd7 5. e3 e6 6. Ne5 Be7 7. Nxd7 Qxd7 8.
Nd2 O-O 9. Be2 Rac8 10. h4 c5 11. Bxf6 Bxf6 12. g4 Be4 13. f3 cxd4 14. exd4
Bxd4 15. fxe4 Bb6 16. Qc2 d4 17. c4 Rfd8 18. Qd3 Qd6 19. O-O-O a5 20. Kb1 a4
21. Nf3 Bc5 22. e5 Qd7 23. Ng5 1-0

[Event "XXXII Festival A"]
[Site "Arco ITA"]
[Date "2010.10.20"]
[Round "5"]
[White "Damia, Angelo"]
[Black "Eperjesi, Laszlo"]
[Result "1-0"]
[WhiteElo "2287"]
[BlackElo "2194"]
[PlyCount "51"]
[EventDate "2010.10.16"]

1. e4 c6 2. d4 d5 3. Nd2 dxe4 4. Nxe4 Nd7 5. Ng5 Ndf6 6. N1f3 g6 7. Bc4 Nh6 8.
Ne5 Nd5 9. Ngf3 Bg7 10. O-O O-O 11. Bb3 Ng4 12. Nd3 a5 13. h3 Ngf6 14. c3 b6
15. Re1 Bb7 16. Bg5 Rc8 17. Qd2 e6 18. Nfe5 Qc7 19. Rad1 Nd7 20. Bh6 f6 21.
Bxg7 Kxg7 22. Ng4 Qd6 23. c4 Ne7 24. Nf4 e5 25. dxe5 Qxd2 26. Rxd2 1-0

[Event "XXXII Festival A"]
[Site "Arco ITA"]
[Date "2010.10.20"]
[Round "5"]
[White "De Andres Gonalons, Fernando"]
[Black "La Manna, Andrea"]
[Result "1-0"]
[WhiteElo "2041"]
[BlackElo "2196"]
[PlyCount "157"]
[EventDate "2010.10.16"]

1. d4 f5 2. g3 Nf6 3. Bg2 g6 4. c4 Bg7 5. Nc3 O-O 6. Nf3 d6 7. O-O Qe8 8. d5 a5
9. Bg5 Na6 10. Nd4 Nc5 11. Bxf6 Bxf6 12. e3 e5 13. dxe6 Nxe6 14. Nd5 Bd8 15.
Nxe6 Bxe6 16. Qc2 c6 17. Nf4 Bf7 18. h4 Bf6 19. Rad1 Qe5 20. Rd2 Qc5 21. b3 a4
22. Rfd1 Rfd8 23. e4 axb3 24. axb3 fxe4 25. Bxe4 Kg7 26. Bf3 Ra3 27. Re1 Qb4
28. Re3 Rda8 29. Qd3 Be5 30. Rd1 Ra2 31. Qe4 Rb2 32. Nd3 Qc3 33. Nxb2 Qxb2 34.
c5 Ra1 35. Rxa1 Qxa1+ 36. Re1 Qc3 37. cxd6 Bxd6 38. Rd1 Qf6 39. Qd3 Bc5 40. Kg2
Qb2 41. Rd2 Qf6 42. Qd7 Qc3 43. Qd3 Qf6 44. Re2 Bd4 45. Re4 c5 46. Rf4 Qd6 47.
Bxb7 Qb6 48. Qf3 Qxb3 49. Qxb3 Bxb3 50. Re4 h5 51. f3 Kf6 52. Re8 Be6 53. Be4
Bf7 54. Rd8 Ke7 55. Ra8 Kf6 56. Ra6+ Kg7 57. Bd3 Be3 58. Ra4 Bd4 59. Bc4 Be8
60. Ra6 Kf8 61. Kf1 Be5 62. Kf2 Bd4+ 63. Ke2 Be5 64. f4 Bd4 65. Kf3 Kg7 66.
Ra7+ Kf8 67. Rc7 Ba4 68. Bd3 Be8 69. Rc8 Ke7 70. Rxe8+ Kxe8 71. Bxg6+ Ke7 72.
Bxh5 c4 73. Bg6 c3 74. g4 Kf6 75. Bc2 Kg7 76. Ke4 Bf2 77. h5 Kh6 78. Bd1 Bh4
79. Kf5 1-0

[Event "XXXII Festival A"]
[Site "Arco ITA"]
[Date "2010.10.20"]
[Round "5"]
[White "Dieli, Riccardo"]
[Black "Blasco, Domenico"]
[Result "1-0"]
[WhiteElo "1906"]
[BlackElo "1961"]
[PlyCount "99"]
[EventDate "2010.10.16"]

1. Nf3 g6 2. d4 Bg7 3. Nc3 d6 4. Bg5 Nd7 5. e4 h6 6. Be3 a6 7. h3 b5 8. Qd2 Bb7
9. a3 c5 10. d5 Ngf6 11. Bd3 Kf8 12. g4 h5 13. g5 Ne8 14. Nh4 Nc7 15. f4 c4 16.
Be2 Kg8 17. Bd4 Kh7 18. Bxg7 Kxg7 19. Bf3 Re8 20. O-O-O a5 21. f5 Ne5 22. Ne2
Na6 23. fxg6 fxg6 24. Nf4 Bc8 25. Qd4 Kh7 26. Rdf1 Rf8 27. Nhxg6 Nxg6 28. Nxg6
Kxg6 29. Bxh5+ Kh7 30. Rf7+ Rxf7 31. Bxf7 e5 32. dxe6 Qxg5+ 33. Kb1 Nc5 34. Rg1
Qe5 35. Qf2 Qg7 36. Rxg7+ Kxg7 37. Qg3+ Kf6 38. Qxd6 Bxe6 39. Bxe6 Nxe6 40. Qd5
Rb8 41. Qf5+ Ke7 42. e5 Rf8 43. Qe4 Ng5 44. Qb7+ Ke6 45. Qxb5 Nxh3 46. Qxc4+
Kf5 47. Qd3+ Kg4 48. Qg6+ Ng5 49. Ka2 a4 50. e6 1-0

[Event "XXXII Festival A"]
[Site "Arco ITA"]
[Date "2010.10.20"]
[Round "5"]
[White "Diotallevi, Maurizio"]
[Black "Zucchelli, Massimo"]
[Result "0-1"]
[WhiteElo "2060"]
[BlackElo "2160"]
[PlyCount "120"]
[EventDate "2010.10.16"]

1. d4 d5 2. Bg5 h6 3. Bh4 c6 4. Nf3 Qb6 5. b3 Bf5 6. e3 e6 7. Bd3 Bxd3 8. Qxd3
Nd7 9. O-O Ne7 10. c4 Nf5 11. Nc3 Nxh4 12. Nxh4 Be7 13. Nf3 O-O 14. e4 dxe4 15.
Nxe4 Nf6 16. Rad1 Rad8 17. Nxf6+ Bxf6 18. Qe3 Rd7 19. Rd2 Rfd8 20. Rfd1 Qa5 21.
g3 b5 22. Ne5 Bxe5 23. Qxe5 Qb6 24. c5 Qa5 25. f4 Rd5 26. Qe3 R8d7 27. Kf1 Qd8
28. Ke2 Qf6 29. Qe4 Qf5 30. Qxf5 Rxf5 31. Ke3 g5 32. Ra1 a5 33. a3 f6 34. Rc1
gxf4+ 35. gxf4 Rg7 36. Rf1 Kf7 37. Rdf2 Rg4 38. Rf3 Rd5 39. Rg3 h5 40. Rfg1
Rxg3+ 41. Rxg3 e5 42. fxe5 fxe5 43. dxe5 Rxe5+ 44. Kd4 Rd5+ 45. Kc3 Rxc5+ 46.
Kb2 Rf5 47. Kc3 h4 48. Re3 Rf4 49. Kd3 Kf6 50. Ke2 c5 51. Re8 a4 52. bxa4 Rxa4
53. Rb8 Ra5 54. Rc8 c4 55. Rc5 Rxa3 56. Rxb5 Ra2+ 57. Ke3 Rxh2 58. Kd4 Kg6 59.
Kxc4 h3 60. Rb8 Rh1 0-1

[Event "XXXII Festival A"]
[Site "Arco ITA"]
[Date "2010.10.20"]
[Round "5"]
[White "Farago, Ivan"]
[Black "Vezzosi, Paolo"]
[Result "1-0"]
[WhiteElo "2420"]
[BlackElo "2347"]
[PlyCount "101"]
[EventDate "2010.10.16"]

1. d4 f5 2. g3 Nf6 3. Bg2 e6 4. c4 d5 5. Nf3 c6 6. O-O Bd6 7. b3 Qe7 8. Ne5 b6
9. cxd5 exd5 10. Bb2 Bb7 11. Qc2 g6 12. Nd2 Nbd7 13. Ndf3 Rc8 14. Rac1 O-O 15.
Qd3 Ne4 16. Rc2 Rc7 17. Rfc1 Rfc8 18. Nxd7 Rxd7 19. e3 Rdc7 20. Ne5 Qe6 21. Qd1
c5 22. Bf1 Kf8 23. f3 Nf6 24. f4 Ke7 25. Bg2 Ne4 26. dxc5 bxc5 27. Bxe4 fxe4
28. b4 cxb4 29. Rxc7+ Rxc7 30. Rxc7+ Bxc7 31. Qa4 Qd6 32. Bd4 Bb6 33. Qb5 Bc8
34. Nc6+ Ke6 35. Bxb6 axb6 36. Qxb6 Bd7 37. Nd4+ Ke7 38. Qa5 Kf7 39. Qd8 h6 40.
Kf2 Qe7 41. Qh8 h5 42. Qh7+ Kf6 43. Qh8+ Kf7 44. Qh7+ Kf6 45. Qg8 Be6 46. Qh8+
Kf7 47. Qh7+ Kf6 48. Qh8+ Kf7 49. Nc6 Qf6 50. Ne5+ Ke7 51. Qb8 1-0

[Event "XXXII Festival A"]
[Site "Arco ITA"]
[Date "2010.10.20"]
[Round "5"]
[White "Ferrari, Michele"]
[Black "Wild, Katharina"]
[Result "0-1"]
[WhiteElo "1808"]
[BlackElo "1906"]
[PlyCount "82"]
[EventDate "2010.10.16"]

1. d4 d5 2. e3 c6 3. Bd3 Nf6 4. Nd2 e6 5. f4 a6 6. Ngf3 c5 7. c3 Nbd7 8. Ne5 b5
9. a3 Bb7 10. O-O Be7 11. Qf3 Qc7 12. g4 c4 13. Bc2 g6 14. g5 Nh5 15. e4 Nxe5
16. fxe5 Bxg5 17. exd5 Bxd2 18. Bxd2 Bxd5 19. Qf2 Qe7 20. a4 O-O 21. Bh6 Rfd8
22. h4 Qb7 23. Bd1 Ng7 24. Qf6 Ne8 25. Qg5 bxa4 26. h5 Qxb2 27. hxg6 hxg6 28.
Bxa4 Qxc3 29. Bxe8 Rxe8 30. Rad1 Qh3 31. Rd2 Qh1+ 32. Kf2 Qh5 33. Qf4 c3 34.
Rc2 Rab8 35. Kg3 Qf5 36. Qc1 Qd3+ 37. Kg4 Rb2 38. Rxc3 Rg2+ 39. Kh4 Rh2+ 40.
Kg5 Qxd4 41. Qe1 Rh5+ 0-1

[Event "XXXII Festival A"]
[Site "Arco ITA"]
[Date "2010.10.20"]
[Round "5"]
[White "Fodor, Tamas jr"]
[Black "Herman, Matthew J."]
[Result "1/2-1/2"]
[WhiteElo "2451"]
[BlackElo "2149"]
[PlyCount "74"]
[EventDate "2010.10.16"]

1. d4 d5 2. c4 c6 3. Nc3 Nf6 4. Nf3 e6 5. Bg5 h6 6. Bxf6 Qxf6 7. Qc2 Nd7 8. e4
dxe4 9. Qxe4 g6 10. Bd3 Bg7 11. O-O O-O 12. Rfe1 Re8 13. Ne5 c5 14. Nb5 Qe7 15.
Nxd7 Bxd7 16. dxc5 Bxb5 17. cxb5 Qxc5 18. Qxb7 Bxb2 19. Rab1 Bd4 20. Qf3 Rad8
21. Be4 Rd6 22. Rec1 Qg5 23. g3 Bb6 24. Rc2 Red8 25. h4 Qe7 26. Qe2 h5 27. Kg2
Rd4 28. Bf3 Qf6 29. Rb3 Qf5 30. Re3 Qf6 31. Re4 Rxe4 32. Bxe4 Kg7 33. a4 Qa1
34. Ra2 Qc3 35. Qc2 Qb4 36. Bf3 Rd4 37. Qc1 Rc4 1/2-1/2

[Event "XXXII Festival A"]
[Site "Arco ITA"]
[Date "2010.10.20"]
[Round "5"]
[White "Helbig, Dieter"]
[Black "Tovazzi, Maurizio"]
[Result "1-0"]
[WhiteElo "1872"]
[BlackElo "1739"]
[PlyCount "61"]
[EventDate "2010.10.16"]

1. c4 e5 2. Nc3 Nf6 3. g3 Be7 4. Bg2 O-O 5. e3 c6 6. Nge2 d5 7. cxd5 cxd5 8. d4
e4 9. O-O Be6 10. Bd2 Nbd7 11. Rc1 a6 12. a4 Nb6 13. b3 Qd6 14. a5 Nc8 15. Na4
Na7 16. Nc5 Rab8 17. Nf4 Nc6 18. Nfxe6 fxe6 19. f3 exf3 20. Bxf3 Kh8 21. Bg2
Bd8 22. b4 Re8 23. Qc2 Kg8 24. Nxa6 Nxd4 25. exd4 bxa6 26. Bf4 e5 27. Bxe5 Rxe5
28. dxe5 Qxe5 29. Qd2 Ne4 30. Bxe4 dxe4 31. Qa2+ 1-0

[Event "XXXII Festival A"]
[Site "Arco ITA"]
[Date "2010.10.20"]
[Round "5"]
[White "Hilbenz, Guntram"]
[Black "Galas, Franco"]
[Result "1/2-1/2"]
[WhiteElo "1912"]
[BlackElo "1794"]
[PlyCount "91"]
[EventDate "2010.10.16"]

1. Nf3 d6 2. c4 g6 3. g3 Bg7 4. Bg2 e5 5. Nc3 Ne7 6. d3 Nbc6 7. Rb1 O-O 8. O-O
b6 9. b4 Rb8 10. b5 Nd4 11. Nxd4 exd4 12. Nd5 Nxd5 13. cxd5 h5 14. h4 Bf5 15.
Rb4 Qc8 16. Bb2 Bd7 17. a4 Bh3 18. Bxd4 f6 19. e4 Bxg2 20. Kxg2 a6 21. Rc4 axb5
22. axb5 Qd7 23. Rc6 Rf7 24. Qa1 g5 25. hxg5 fxg5 26. Bxg7 Rxg7 27. Qf6 Rf8 28.
Qe6+ Kh7 29. Qxd7 Rxd7 30. Rfc1 Rff7 31. f4 Kg6 32. e5 Rh7 33. exd6 cxd6 34.
fxg5 Kxg5 35. Re1 Kf5 36. Re6 h4 37. Rcxd6 hxg3 38. Kxg3 Rxd6 39. Rxd6 Ke5 40.
Rxb6 Kxd5 41. Rb8 Re7 42. Kf4 Kd6 43. Kg5 Kc5 44. Kg6 Rd7 45. Kf5 Rxd3 46. Kf6
1/2-1/2

[Event "XXXII Festival A"]
[Site "Arco ITA"]
[Date "2010.10.20"]
[Round "5"]
[White "Joerges, Frank"]
[Black "Cavatorta, Fosco"]
[Result "1/2-1/2"]
[WhiteElo "1955"]
[BlackElo "1936"]
[PlyCount "40"]
[EventDate "2010.10.16"]

1. d4 d6 2. c4 Nf6 3. Nf3 g6 4. Nc3 Bf5 5. e3 Bg7 6. Bd3 Bg4 7. h3 Bc8 8. O-O
O-O 9. e4 e5 10. dxe5 dxe5 11. Nxe5 Nxe4 12. Bxe4 Bxe5 13. Bh6 Qxd1 14. Raxd1
Re8 15. Rfe1 c6 16. f4 Bg7 17. Bxg7 Kxg7 18. Bc2 Rxe1+ 19. Rxe1 Be6 20. b3 Na6
1/2-1/2

[Event "XXXII Festival A"]
[Site "Arco ITA"]
[Date "2010.10.20"]
[Round "5"]
[White "Kern, Beat"]
[Black "Mulone, Gaspare"]
[Result "1-0"]
[WhiteElo "1668"]
[BlackElo "1708"]
[PlyCount "45"]
[EventDate "2010.10.16"]

1. Nf3 Nf6 2. d4 d6 3. c4 g6 4. Nc3 Bg7 5. e4 O-O 6. Be2 c5 7. O-O cxd4 8. Nxd4
Nc6 9. Be3 Nxd4 10. Bxd4 Bd7 11. Qd3 Bc6 12. f3 Ne8 13. Rad1 Bxd4+ 14. Qxd4 Qc7
15. Nd5 Bxd5 16. exd5 Qc5 17. a3 b6 18. Rfe1 Ng7 19. Qxc5 bxc5 20. Bd3 Rfe8 21.
Bc2 Kf8 22. Ba4 Reb8 23. Bc6 1-0

[Event "XXXII Festival A"]
[Site "Arco ITA"]
[Date "2010.10.20"]
[Round "5"]
[White "Klings, Peter"]
[Black "Martinez, Guido"]
[Result "1-0"]
[WhiteElo "2185"]
[BlackElo "1915"]
[PlyCount "49"]
[EventDate "2010.10.16"]

1. e4 d6 2. d4 Nf6 3. Nc3 Nbd7 4. Nf3 e5 5. Bc4 Be7 6. O-O O-O 7. Qe2 c6 8. a4
Qc7 9. a5 Rb8 10. Bg5 Re8 11. Be3 b5 12. axb6 axb6 13. Ng5 Rf8 14. f4 b5 15.
Bb3 Bb7 16. fxe5 dxe5 17. Rf5 Bd6 18. Raf1 Ra8 19. Qf2 b4 20. Qh4 h5 21. Ne2 c5
22. Ng3 Be7 23. Nxh5 Nxe4 24. Rxf7 Rxf7 25. Bxf7+ 1-0

[Event "XXXII Festival A"]
[Site "Arco ITA"]
[Date "2010.10.20"]
[Round "5"]
[White "Korenevski, Oleg"]
[Black "Kaczur, Florian"]
[Result "0-1"]
[WhiteElo "1930"]
[BlackElo "2035"]
[PlyCount "76"]
[EventDate "2010.10.16"]

1. d4 Nf6 2. Nf3 c5 3. d5 d6 4. c4 b5 5. cxb5 a6 6. e3 g6 7. Nc3 Bg7 8. bxa6
O-O 9. Bc4 Nxa6 10. O-O Bb7 11. e4 Nc7 12. Bf4 Nd7 13. Qd2 Nb6 14. Be2 Qd7 15.
Bh6 Rab8 16. Bxg7 Kxg7 17. a4 f5 18. a5 fxe4 19. axb6 exf3 20. bxc7 fxe2 21.
Rfe1 Qxc7 22. Qxe2 Rf7 23. Ra7 Qb6 24. Rea1 Rbf8 25. f3 g5 26. Qe3 g4 27. f4
Rxf4 28. Qxe7+ R4f7 29. Rxb7 Qxb7 30. Qxd6 Qxb2 31. Qe5+ Kg8 32. Qg5+ Rg7 33.
Qc1 Qf2+ 34. Kh1 Kh8 35. Ne4 Qd4 36. Nxc5 Rc7 37. Ne6 Rxc1+ 38. Rxc1 Qc4 0-1